Statistics for 桂林市下辖县级行政区划 Couty-level administrative divisions of Guilin

Click here to take the quiz!

General Stats

  • This quiz has been taken 12 times
  • The average score is 12 of 17

Answers on the Map

Answers color-coded by a green-red scale on the quiz's map according to % correct below.
 

Answer Stats

% Correct
阳朔
100%
市辖区临桂
91%
市辖区七星
82%
市辖区象山
82%
县级市荔浦
82%
自治县龙胜各族自治县
82%
市辖区秀峰
82%
市辖区雁山
73%
市辖区叠彩
73%
平乐
73%
全州
64%
自治县恭城瑶族自治县
64%
兴安
64%
灌阳
64%
资源
64%
灵川
55%
永福
55%

Score Distribution

Percentile by Number Answered

Percent of People with Each Score

Your Score History

You have not taken this quiz